[Event "7th Altibox Norway Chess Blitz 2019"]
[Site "Stavanger"]
[Date "2019.06.03"]
[Round "9.2"]
[White "Yu, Yangyi"]
[Black "Aronian, Levon"]
[Result "0-1"]
[WhiteElo "2705"]
[BlackElo "2827"]
[Annotator "TA"]
[PlyCount "98"]
[EventDate "2019.06.03"]
[EventType "tourn"]
[EventCountry "NOR"]
[SourceTitle "playchess.com"]
[Source "ChessBase"]
[SourceQuality "1"]

{[%evp 16,98,8,8,24,26,35,20,13,0,4,7,22,0,0,0,0,0,4,-36,13,43,27,14,36,0,0,0,0,-27,-33,-29,0,0,0,0,0,-33,0,0,0,-4,0,-45,-18,-71,0,0,21,-46,-72,-77,-60,-55,0,-52,-52,-37,-50,-69,-60,-295,-132,-1266,-633,-1540,-1139,-779,-905,-469,-557,-29976,-29977,-29977,-29978,-29977,-29976,-29974,-29977,-29977,-29978,-29989,-29983,-29986,-29985]} 1. e4 e5 2. Nf3 Nc6 3. Bb5 a6 4. Ba4 Nf6 5. O-O Be7 6. d3 b5 7. Bb3 O-O 8. Nc3 d6 9. a3 Na5 {C77: Ruy Lopez: 3...a6 4 Ba4 Nf6, unusual lines} 10. Ba2 Be6 11. b4 Nc6 {The position is equal.} 12. Be3 $146 ({Predecessor:} 12. Nd5 Nd4 13. Nxf6+ Bxf6 14. Nxd4 exd4 15. Bxe6 fxe6 16. Bd2 e5 17. f4 exf4 18. Bxf4 {1-0 (31) Anand,V (2759)-Karjakin,S (2782) Paris 2018}) 12... Bxa2 13. Rxa2 d5 14. Bg5 dxe4 15. dxe4 a5 16. Qb1 axb4 17. Rd1 bxc3 18. Rxd8 Rfxd8 19. g3 Ra5 20. Kg2 Rda8 ({Wrong is} 20... Nxe4 $2 21. Bxe7 Rda8 22. Bb4 $18) 21. Qb3 b4 $1 (21... Nxe4 $6 22. Bxe7 Nxe7 23. Nxe5 $16) 22. Bxf6 (22. Qc4 $5 {[%cal Rc4c6]} Nd8 23. a4 $11 (23. Qxc7 R8a7 $11)) 22... gxf6 23. a4 Nd4 (23... Nd8 {is interesting.} 24. Qc4 Bc5 25. Qd5 Bf8 26. Qd7 Ne6) 24. Nxd4 exd4 25. Ra1 c5 26. h4 Rd8 (26... d3 $5 27. cxd3 Rd8 $11) 27. Rd1 Rda8 28. e5 fxe5 29. Re1 Bf6 ({Reject} 29... Rxa4 $6 30. Rxe5 R4a7 31. Qd5 $16) 30. Qd5 {[#]} (30. Re4 $11 {keeps the balance.}) 30... Rxa4 (30... Rd8 $1 $17 {[%cal Rd8d5]} 31. Qb7 Raa8) 31. Re4 $11 h5 32. Qxc5 {[#]} (32. g4 $11) 32... b3 $1 $15 33. cxb3 Ra2 $36 {[%mdl 2048] And now ...c2 would win. Black fights for an advantage.} 34. g4 $1 Bxh4 ({Better is} 34... d3 $1 $15 35. gxh5 d2 36. Rg4+ Kh7) 35. gxh5 ({White should try} 35. Rxe5 $11 Rxf2+ 36. Kh3) 35... Rxf2+ 36. Kh3 Bf6 {Hoping for ...Kh7.} 37. Rg4+ $1 Kh8 $1 {aiming for ...Rd8.} 38. Qd5 $2 (38. Kg3 $1 $15 Rfa2 39. Qc4) 38... Rf8 (38... Raa2 $19 {Strongly threatening ...Rh2+.} 39. Qc6 Bg7) 39. Qd6 $2 {[%mdl 8192]} (39. Kg3 $17 Rd8 40. Qe4) 39... Rg8 40. Rxg8+ Kxg8 $19 {[%mdl 4096] Endgame KQ-KRB} 41. Qc6 c2 {White must now prevent ...d3.} 42. Kg3 Bg5 43. Qc8+ Kg7 {Black mates.} 44. h6+ Bxh6 45. Qg4+ Kh7 46. Qe4+ Kg8 47. Qg4+ Kh8 48. Qh5 c1=Q 49. Kxf2 Qe3+ {Accuracy: White = 38%, Black = 49%.} 0-1

[Event "7th Altibox Norway Chess Blitz 2019"]
[Site "Stavanger"]
[Date "2019.06.03"]
[Round "9.3"]
[White "So, Wesley"]
[Black "Caruana, Fabiano"]
[Result "1-0"]
[WhiteElo "2759"]
[BlackElo "2804"]
[Annotator "TA"]
[PlyCount "63"]
[EventDate "2019.06.03"]
[EventType "tourn"]
[EventCountry "NOR"]
[SourceTitle "playchess.com"]
[Source "ChessBase"]
[SourceQuality "1"]

{[%evp 25,86,50,75,69,72,58,63,63,63,56,62,66,75,66,82,83,94,97,111,108,129,129,135,116,333,290,404,399,448,450,401,301,434,410,481,296,405,349,329,307,294,254,604,601,480,0,-11,-6095,-6015,-2491,1137,1120,1001,500,1030,1030,1010,997,920,806,946,806,1966]} 1. Nf3 Nf6 2. c4 d6 3. Nc3 g6 4. e4 Bg7 5. d4 O-O 6. Be2 e5 7. Be3 Ng4 8. Bg5 f6 9. Bh4 Nc6 10. d5 Ne7 11. Nd2 h5 12. O-O Nh6 13. f3 Nf7 14. Bf2 {E92: King's Indian: Classical: 6 Be2 e5: 7 dxe5, 7 Be3 and Petrosian System without 7...Nbd7} c5 $146 ({Predecessor:} 14... g5 15. c5 Ng6 16. cxd6 Nxd6 17. Nb5 b6 18. g3 Rf7 19. Nxd6 cxd6 20. f4 exf4 21. Bxh5 Ne5 22. gxf4 gxf4 23. Bxf7+ Kxf7 {1-0 (31) Kravets,I (2316)-Rouillon,L (2133) Lvov 1999}) 15. dxc6 bxc6 16. b4 {White is slightly better.} Be6 17. Nb3 f5 18. a4 Bh6 19. Qd3 Qd7 20. Rfd1 Rfd8 21. b5 Qe8 22. bxc6 Nxc6 23. Nd5 Bxd5 24. cxd5 Nb4 $2 (24... fxe4 $16 {might work better.} 25. Qxe4 (25. fxe4 Ne7 $16) 25... Ne7) 25. Qc3 $18 Rab8 26. Bb5 $1 {[%cal Rb5e8]} Rxb5 27. axb5 Qxb5 28. Rxa7 fxe4 (28... Rb8 $142 29. Qc7 Rf8) 29. fxe4 Rb8 {If Black can now play ...Nxd5 this consolidates a bit.} 30. Na5 Qe2 31. Re1 Qd3 32. Qc4 {Played: Qc3-c7} 1-0

[Event "7th Altibox Norway Chess Blitz 2019"]
[Site "Stavanger"]
[Date "2019.06.03"]
[Round "9.4"]
[White "Ding, Liren"]
[Black "Anand, Viswanathan"]
[Result "1/2-1/2"]
[WhiteElo "2773"]
[BlackElo "2747"]
[Annotator "TA"]
[PlyCount "103"]
[EventDate "2019.06.03"]
[EventType "tourn"]
[EventCountry "NOR"]
[SourceTitle "playchess.com"]
[Source "ChessBase"]
[SourceQuality "1"]

{[%evp 18,103,21,6,47,11,23,18,40,11,-1,-8,75,60,72,79,70,52,49,49,51,51,224,37,106,122,121,100,115,85,95,87,79,69,75,52,81,61,62,54,158,133,177,179,180,160,172,154,366,79,74,23,28,0,0,0,0,0,0,0,0,0,0,0,0,0,0,0,0,0,0,0,0,0,0,0,0,0,0,0,0,0,0,0,0,0,0,0]} 1. Nf3 d5 2. g3 Nf6 3. Bg2 g6 4. c4 Bg7 5. cxd5 Nxd5 6. d4 O-O 7. O-O Nb6 8. Nc3 Nc6 9. e3 Re8 10. Re1 Bd7 {D76: Fianchetto Grünfeld: Main Line with 7...Nb6} (10... a5 11. h3 a4 12. Rb1 a3 13. bxa3 e5 14. dxe5 Nxe5 15. Qxd8 Nxf3+ 16. Bxf3 Rxd8 17. Nb5 Be5 18. Nd4 Bxh3 19. Bxb7 Bxd4 20. exd4 {1-0 (38) Ivanchuk,V (2726)-Muzychuk,M (2540) Caleta 2018}) 11. h3 Qc8 12. Kh2 e5 13. d5 Na5 14. e4 Nac4 (14... c6 $1 $11 {remains equal.}) 15. a4 a5 16. b3 Nd6 17. Ba3 Qd8 $146 ({Predecessor:} 17... f5 18. Nd2 {½-½ (31) Atishay,A (1911)-Nadig,K (2213) Mumbai 2008}) 18. Rc1 Bf8 19. Bc5 c6 $2 {[#]} (19... Rc8 $14) 20. Qd3 $2 (20. Nxe5 $1 $18 {[%mdl 512] Bxb6 is the strong threat.} Rxe5 21. Qd4 Nxa4 22. bxa4 (22. Nxa4 Re8 $16)) 20... Ndc8 (20... Rc8 $1 $14) 21. Bxf8 $16 Kxf8 22. dxc6 bxc6 23. Qe3 $36 {[%mdl 2048] White is on the roll.} Kg8 24. Nb1 f6 25. Nbd2 Nd6 26. Bf1 Rb8 27. Rc5 Nbc8 28. Rd1 Kg7 ({Better is} 28... Qc7 $14) 29. Nc4 Nxc4 30. Bxc4 ({Not} 30. Rxc4 Qc7 $11) 30... Qc7 31. Qc3 Ra8 {[#]} 32. Bb5 $1 Ne7 $2 {[#]} (32... Na7 $16 {is a better defense.} 33. Ba6 Be6) 33. Bf1 $2 (33. Nxe5 $1 $18 {[%mdl 512] and the rest is easy.} fxe5 34. Rxe5) 33... Nc8 34. Nd2 ({White should play} 34. Rd2 $16) 34... Nd6 $11 35. f3 Nb7 {The position is equal.} 36. Rc4 Nd6 37. Rc5 Nb7 38. Rd5 Be6 39. Rd3 $1 Red8 40. Nc4 Bxc4 41. Qxc4 Rxd3 42. Rxd3 Rd8 43. Rxd8 Nxd8 44. b4 axb4 45. Qxb4 Nb7 46. Bc4 Na5 47. Qc5 Nxc4 48. Qxc4 Qb6 {White must now prevent ...Qf2+.} 49. Qa2 Qa5 50. h4 c5 51. Qd5 Qxa4 52. Qxc5 {Accuracy: White = 48%, Black = 53%.} 1/2-1/2

[Event "7th Altibox Norway Chess Blitz 2019"]
[Site "Stavanger"]
[Date "2019.06.03"]
[Round "9.5"]
[White "Mamedyarov, Shakhriyar"]
[Black "Grischuk, Alexander"]
[Result "1-0"]
[WhiteElo "2757"]
[BlackElo "2750"]
[Annotator "TA"]
[PlyCount "111"]
[EventDate "2019.06.03"]
[EventType "tourn"]
[EventCountry "NOR"]
[SourceTitle "playchess.com"]
[Source "ChessBase"]
[SourceQuality "1"]

{[%evp 18,111,0,-8,0,-29,22,-33,155,124,117,54,59,34,39,40,35,-10,-8,-19,-15,-9,-11,-48,-44,-38,-24,-42,-16,-51,-13,-11,-13,-38,0,-213,0,0,0,0,0,-5,419,417,594,590,534,392,345,0,0,0,337,302,450,458,411,333,428,414,391,379,504,505,454,393,410,365,393,407,400,377,436,248,295,217,353,158,628,336,813,794,1041,780,29966,29967,7082,7573,29973,29974,12794,12791,29997,29998,29998,29999]} 1. d4 Nf6 2. c4 g6 3. Nf3 Bg7 4. g3 O-O 5. Bg2 d6 6. O-O Nbd7 7. Nc3 e5 8. e4 c6 9. Re1 exd4 10. Nxd4 Ng4 {E68: King's Indian: Fianchetto: 6...Nbd7 7 0-0 e5 8 e4} 11. h3 (11. Nc2 Nge5 12. Ne3 Nc5 13. Bf1 h5 14. Be2 a5 15. f4 Ng4 16. Nxg4 Bxg4 17. Bxg4 hxg4 18. Qxg4 {1-0 (58) Inarkiev,E (2709)-Adhiban,B (2666) Doha 2016}) 11... Nge5 (11... Qf6 $142 $1 12. hxg4 Qxd4) 12. Bf1 (12. b3 $11) 12... Qa5 $2 {[#]} (12... Qf6 $15 {stays ahead.}) 13. Nb3 $1 $16 {[%cal Rb3a5]} Qb4 {With the idea ...Nc5.} 14. a3 (14. Bd2 $16) 14... Qb6 $1 $14 15. Be3 Nc5 $146 ({Predecessor:} 15... c5 16. Nd5 Qd8 17. f4 Nc6 18. Rb1 Nf6 19. Bf2 Re8 20. Bg2 Nxd5 21. cxd5 {1-0 (29) Cvitan,O (2527)-Filimonov,A (2216) Pula 2006}) 16. Nxc5 dxc5 17. Kg2 (17. Na4 $5 {[%cal Ra4b6]} Qa5 18. Kg2 $11 (18. Nxc5 Qxe1 {[%mdl 64] Deflection, Decoy} 19. Qxe1 Nf3+ {[%mdl 64] Double Attack, Discovered Attack} 20. Kh1 Nxe1 $17) (18. Bxc5 Rd8 $11 {[%mdl 64] Decoy})) 17... Be6 $1 18. Na4 {[%mdl 64] [#] Double Attack} Qc7 {next ...Qc8 is good for Black.} 19. Nxc5 Bxc4 20. Qc2 Bxf1+ 21. Rxf1 b6 22. Na4 c5 23. Rfd1 Qb7 24. Rd5 f5 {aiming for ...fxe4.} 25. Rad1 Rae8 26. Bf4 $2 (26. Nc3 $11) 26... Nf7 $2 (26... fxe4 $19 {...Rxf4! is the strong threat.} 27. Bxe5 Rxe5 28. Rxe5 Bxe5 29. Qc4+ Kh8) 27. Rd7 $11 Qa8 28. Nc3 {[%cal Ba4c3,Bc3d5,Bd5c7][%mdl 32]} fxe4 {And now ...e3+ would win.} 29. Nd5 $36 {[%mdl 2048] Black must now prevent Nc7. White has some pressure.} Kh8 $2 {[%mdl 8192]} (29... e3 $11 {and Black stays safe.} 30. fxe3 Rd8 31. Rxd8 Qxd8) 30. Nc7 $1 $18 {[%csl LRa8,LRe8][%mdl 64] Double Attack} Qc6 (30... Qc8 $142 31. Nxe8 {[%mdl 64] Discovered Attack} Qxe8 32. Rxa7 e3 33. fxe3 g5) 31. Nxe8 e3+ 32. f3 Ne5 33. Qe4 $2 ({Not} 33. Nxg7 Qxf3+ 34. Kg1 (34. Kh2 $2 e2 $19) 34... Nxd7 $16) (33. Qe2 $18 Nxd7 34. Nxg7 Kxg7 35. Qxe3 Rxf4 36. gxf4) 33... Qxe4 $11 34. fxe4 Rxe8 $2 {[%mdl 8192]} (34... Nxd7 $11 35. Nxg7 e2) 35. Rxa7 Kg8 (35... e2 {might work better.} 36. Re1 Nd3) 36. Bxe3 $18 Nc4 37. Bc1 Bd4 38. b3 Nd6 39. Ra6 Nxe4 40. Rxb6 Nc3 41. Rd2 Re1 42. Rb8+ Kf7 43. Bb2 Ne4 44. Rc2 Ke6 45. Re8+ (45. a4 $142) 45... Kd7 46. Ra8 Ke6 (46... Re3 {keeps fighting.} 47. Bxd4 (47. Ra7+ Kd6 $18) 47... cxd4) 47. h4 (47. Bxd4 $18 {is more deadly.} cxd4 48. Ra6+ Kd5 49. Ra5+ Kd6 50. Rc4) 47... h5 $2 (47... Re3 $16) 48. b4 Rg1+ $2 (48... Re3 49. Kh2 Bxb2) 49. Kh2 Rb1 50. Re8+ Kf5 51. Bxd4 cxd4 52. Re2 d3 53. R2xe4 {[%csl Gg3][%cal Re4f4]} g5 54. R4e5+ Kg4 55. Rxg5+ Kf3 56. Rf5+ {Accuracy: White = 48%, Black = 30%.} 1-0